[Event "34th Rilton Cup"]
[Site "Stockholm SWE"]
[Date "2005.01.03"]
[Round "7.35"]
[White "Jensen, Leif Haugaard"]
[Black "Aadahl, Mattias"]
[Result "1-0"]
[WhiteElo "2067"]
[BlackElo "2164"]
[EventDate "2004.12.27"]
[PlyCount "61"]

1.e4 c5 2.f4 e6 3.Nf3 d5 4.e5 Nc6 5.c3 Qa5 6.d3 Nge7 7.Bd2 b5 8.g3 Qb6 9.
Bg2 Ba6 10.Qc2 Nf5 11.g4 Nfe7 12.b3 h5 13.h3 Rc8 14.a3 c4 15.bxc4 dxc4 16.
d4 hxg4 17.hxg4 Rxh1+ 18.Bxh1 g6 19.Ke2 Bb7 20.Be3 Qc7 21.Nbd2 Na5 22.Ng5 
a6 23.Bxb7 Qxb7 24.Nde4 Nd5 25.Rh1 Bxa3 26.Rh7 Rc6 27.Rxf7 Ne7 28.Kf2 b4 
29.Nd6+ Rxd6 30.exd6 b3 31.Rxe7+ 1-0

[Event "34th Rilton Cup"]
[Site "Stockholm SWE"]
[Date "2005.01.03"]
[Round "7.36"]
[White "Palmblad, Jan-Peter"]
[Black "Isaksson, Per"]
[Result "1/2-1/2"]
[WhiteElo "2148"]
[BlackElo "2072"]
[EventDate "2004.12.27"]
[PlyCount "65"]

1.e4 c5 2.Nf3 e6 3.d4 cxd4 4.Nxd4 a6 5.c4 Nf6 6.Nc3 Bb4 7.Bd3 Nc6 8.Ne2 d5
9.cxd5 exd5 10.exd5 Nxd5 11.O-O Be6 12.Re1 O-O 13.Qc2 h6 14.a3 Ba5 15.Rd1 
Nxc3 16.bxc3 Qh4 17.Be4 Rac8 18.Qa4 Qh5 19.Bf3 Qc5 20.Be3 Qc4 21.Bxc6 Rxc6
22.Qxa5 Qxe2 23.Rab1 b5 24.a4 Bc4 25.axb5 axb5 26.Rd8 Rxd8 27.Qxd8+ Kh7 
28.Qd1 Rg6 29.Qxe2 Bxe2 30.f4 Rd6 31.Kf2 Rd1 32.Rxd1 Bxd1 33.Bc5 1/2-1/2

[Event "34th Rilton Cup"]
[Site "Stockholm SWE"]
[Date "2005.01.03"]
[Round "7.37"]
[White "Hansson, Haakan"]
[Black "Penttilae, Tero"]
[Result "1/2-1/2"]
[WhiteElo "2137"]
[BlackElo "2006"]
[EventDate "2004.12.27"]
[PlyCount "37"]

1.d4 Nf6 2.Nf3 c5 3.c4 cxd4 4.Nxd4 e6 5.g3 Qc7 6.Qc2 a6 7.Bg2 Bc5 8.Nb3 
Be7 9.O-O d5 10.N3d2 Bd7 11.b3 O-O 12.Bb2 dxc4 13.Nxc4 Nc6 14.Nbd2 Rac8 
15.Rac1 Rfd8 16.Qb1 Be8 17.Rfd1 b5 18.Ne5 Qb6 19.Nxc6 1/2-1/2

[Event "34th Rilton Cup"]
[Site "Stockholm SWE"]
[Date "2005.01.03"]
[Round "7.38"]
[White "Elfstroem, Joergen"]
[Black "Horn, Emilia"]
[Result "1/2-1/2"]
[WhiteElo "2131"]
[BlackElo "2046"]
[EventDate "2004.12.27"]
[PlyCount "43"]

1.d4 d5 2.c4 c6 3.cxd5 cxd5 4.Nc3 Nc6 5.Nf3 Nf6 6.Bf4 Ne4 7.e3 Nxc3 8.bxc3
a6 9.Bd3 g6 10.O-O Bg7 11.Qc2 O-O 12.h4 e5 13.dxe5 Bg4 14.Nh2 Qxh4 15.Bg3 
Qh5 16.f4 Ne7 17.Qd2 f6 18.exf6 Bxf6 19.Rac1 b5 20.Kf2 Bf5 21.Be2 Qh6 22.
Nf3 1/2-1/2

[Event "34th Rilton Cup"]
[Site "Stockholm SWE"]
[Date "2005.01.03"]
[Round "7.41"]
[White "Hoerbing, Stefan"]
[Black "Pukkila, Markku"]
[Result "0-1"]
[WhiteElo "2031"]
[BlackElo "2181"]
[EventDate "2004.12.27"]
[PlyCount "42"]

1.e4 c5 2.Nf3 d6 3.d4 cxd4 4.Nxd4 Nf6 5.Nc3 a6 6.Be3 e5 7.Nb3 Be6 8.f3 Be7
9.Qd2 O-O 10.O-O-O Nbd7 11.g4 b5 12.Qf2 b4 13.Na4 Qc7 14.g5 Nh5 15.h4 Rfb8
16.Nd2 Rc8 17.Bd3 Nf4 18.Bxf4 exf4 19.b3 Ne5 20.Qd4 Bd7 21.Nb2 Qc3 0-1

[Event "34th Rilton Cup"]
[Site "Stockholm SWE"]
[Date "2005.01.03"]
[Round "7.42"]
[White "Wikstroem, Hans"]
[Black "Todorovic, Zoran"]
[Result "0-1"]
[WhiteElo "2048"]
[BlackElo "2134"]
[EventDate "2004.12.27"]
[PlyCount "74"]

1.e4 c5 2.Nf3 d6 3.d4 cxd4 4.Nxd4 Nf6 5.Nc3 g6 6.Be3 Bg7 7.Be2 Nc6 8.O-O 
O-O 9.Re1 Bd7 10.h3 a6 11.Bf1 Rc8 12.Nd5 Nxd5 13.exd5 Nxd4 14.Bxd4 Bxd4 
15.Qxd4 Rxc2 16.b3 Re8 17.Bc4 Qa5 18.a4 Qc3 19.Qb6 Qf6 20.Rad1 Bc8 21.Rd3 
Kf8 22.Rf3 Qb2 23.Qe3 Bd7 24.Qf4 Qg7 25.a5 Rc3 26.Ree3 Rxe3 27.fxe3 Kg8 
28.Bf1 Bc8 29.Rf2 f5 30.e4 g5 31.Qe3 f4 32.Qe2 Qe5 33.g3 fxg3 34.Rg2 Rf8 
35.Qe3 Rxf1+ 36.Kxf1 Bxh3 37.Qxg3 Qxg3 0-1

[Event "34th Rilton Cup"]
[Site "Stockholm SWE"]
[Date "2005.01.03"]
[Round "7.43"]
[White "Namini, Armin"]
[Black "Toecklin, Tomi"]
[Result "1-0"]
[WhiteElo "2132"]
[BlackElo "1969"]
[EventDate "2004.12.27"]
[PlyCount "65"]

1.d4 Nf6 2.c4 c5 3.d5 b5 4.cxb5 a6 5.bxa6 Bxa6 6.Nc3 d6 7.e4 Bxf1 8.Kxf1 
g6 9.Nf3 Bg7 10.g3 Nbd7 11.Kg2 O-O 12.Re1 Qa5 13.e5 Ng4 14.exd6 exd6 15.
Bf4 Nge5 16.Nxe5 Nxe5 17.Ne4 Qa6 18.Bxe5 Bxe5 19.Nxc5 Qb5 20.Nd3 Qxd5+ 21.
Qf3 Qxf3+ 22.Kxf3 Rfb8 23.Nxe5 dxe5 24.Reb1 Rc8 25.a4 e4+ 26.Kxe4 Rc4+ 27.
Kd5 Rcxa4 28.Rxa4 Rxa4 29.b4 Kf8 30.Kc6 Ra2 31.b5 Rxf2 32.b6 Rc2+ 33.Kb5 
1-0

[Event "34th Rilton Cup"]
[Site "Stockholm SWE"]
[Date "2005.01.03"]
[Round "7.44"]
[White "Janse, Love"]
[Black "Bernholdsson, Svante"]
[Result "1-0"]
[WhiteElo "2100"]
[BlackElo "1955"]
[EventDate "2004.12.27"]
[PlyCount "63"]

1.e4 c5 2.f4 e6 3.Nf3 Ne7 4.c3 d5 5.Bb5+ Bd7 6.Bxd7+ Qxd7 7.e5 Nbc6 8.d4 
Nf5 9.g4 Nh6 10.h3 Be7 11.Be3 O-O 12.dxc5 f6 13.exf6 gxf6 14.Nbd2 Nf7 15.
Nb3 e5 16.Qd2 a5 17.O-O-O a4 18.Na1 Rfd8 19.Qf2 Na5 20.g5 Qe6 21.gxf6 Bxf6
22.fxe5 Nxe5 23.Nxe5 Bxe5 24.Bd4 Nc6 25.Rde1 Re8 26.Nc2 Rad8 27.Kb1 Rd7 
28.Rhg1+ Kh8 29.Rxe5 Nxe5 30.Rg5 Qf7 31.Qxf7 Rxf7 32.Bxe5+ 1-0

[Event "34th Rilton Cup"]
[Site "Stockholm SWE"]
[Date "2005.01.03"]
[Round "7.46"]
[White "Nyland, Thomas"]
[Black "Nystroem, Ragnar"]
[Result "1-0"]
[WhiteElo "2008"]
[BlackElo "2082"]
[EventDate "2004.12.27"]
[PlyCount "115"]

1.e4 e6 2.d4 d5 3.exd5 exd5 4.Bd3 Nc6 5.Nf3 Bd6 6.O-O Nge7 7.Bg5 h6 8.Bh4 
Bg4 9.c3 Qd7 10.Nbd2 O-O 11.Bg3 Nf5 12.Bxd6 Nxd6 13.h3 Bf5 14.Qc2 Bxd3 15.
Qxd3 Rfe8 16.Rfe1 Rxe1+ 17.Rxe1 Re8 18.Rxe8+ Qxe8 19.Qe3 Qxe3 20.fxe3 Na5 
21.Kf2 Nac4 22.Nxc4 Nxc4 23.b3 Nd6 24.Nd2 f6 25.c4 dxc4 26.bxc4 Kf7 27.e4 
Ke6 28.Ke3 c6 29.d5+ cxd5 30.exd5+ Kd7 31.g4 b6 32.Kd4 Nf7 33.Nf3 g6 34.a4
Kd6 35.h4 Ke7 36.c5 bxc5+ 37.Kxc5 h5 38.gxh5 gxh5 39.Nd4 Kd7 40.Nc6 f5 41.
Nxa7 f4 42.Kd4 f3 43.Ke3 Kd6 44.Kxf3 Kxd5 45.Kf4 Kc5 46.Kf5 Nd6+ 47.Kg6 
Kb4 48.Nb5 Nc4 49.Kxh5 Kxa4 50.Nd4 Kb4 51.Kg5 Kc5 52.Nf3 Kd5 53.h5 Nd6 54.
Kg6 Ke6 55.Ng5+ Ke7 56.h6 Nf5 57.Kxf5 Kf8 58.Kg6 1-0

[Event "34th Rilton Cup"]
[Site "Stockholm SWE"]
[Date "2005.01.03"]
[Round "7.47"]
[White "Cleanthous, Demetris"]
[Black "Janse, Rasmus"]
[Result "0-1"]
[WhiteElo "2051"]
[BlackElo "1999"]
[EventDate "2004.12.27"]
[PlyCount "212"]

1.c4 g6 2.d4 Bg7 3.Nc3 c5 4.Nf3 Nc6 5.d5 Bxc3+ 6.bxc3 Na5 7.e4 d6 8.h3 e5 
9.Bg5 Qc7 10.g4 b6 11.Nd2 Ba6 12.Qa4+ Qd7 13.Qxd7+ Kxd7 14.a4 h5 15.Rg1 
hxg4 16.hxg4 f6 17.Be3 Ne7 18.O-O-O g5 19.Kb2 Ng6 20.Be2 Ke7 21.Rh1 Kf7 
22.Rdg1 Kg7 23.Kc2 Rad8 24.Rb1 Rh4 25.Rxh4 Nxh4 26.Rg1 Ng6 27.Rh1 Nh8 28.
Nf1 Bxc4 29.Bxc4 Nxc4 30.Ng3 Rg8 31.Nf5+ Kf8 32.Bc1 Nf7 33.Kd3 Na5 34.c4 
Nb7 35.Bd2 Rh8 36.Rh5 Ke8 37.Ke2 Kd7 38.Kd3 Kc7 39.Kc2 Kd8 40.Kb3 Kc7 41.
Ka3 a5 42.Ng7 Kd7 43.Nf5 Nbd8 44.Kb3 Nb7 45.Kc3 Nbd8 46.Kd3 Nb7 47.f3 Nbd8
48.Ng7 Rxh5 49.Nxh5 Ke7 50.Ng3 Nh6 51.Ne2 Kd7 52.Nc3 Nhf7 53.Nb5 Nh8 54.
Ke2 Ng6 55.Kf2 Nf7 56.Kg3 Nf4 57.Bxf4 exf4+ 58.Kf2 Ne5 59.Na3 Nd3+ 60.Ke2 
Ne5 61.Kf2 Kd8 62.Ke2 Ke7 63.Kf2 Nd3+ 64.Ke2 Nb2 65.Kd2 Nxa4 66.Kc2 b5 67.
cxb5 Nb6 68.Kd3 Nd7 69.Ke2 Nb6 70.Kd3 Kd8 71.Kc3 Kc7 72.Kd2 Nd7 73.Nc4 Ne5
74.b6+ Kb7 75.Nxd6+ Kxb6 76.Kc3 Nxf3 77.Nc4+ Kc7 78.Nxa5 Ne5 79.Nb3 Nxg4 
80.Nxc5 Ne5 81.Ne6+ Kd6 82.Nd4 Ng6 83.Nf5+ Ke5 84.Kd3 Nf8 85.Nh6 Kd6 86.
Kd4 Ng6 87.Nf5+ Kd7 88.Nh6 Ne5 89.Ng8 Ng4 90.Kd3 f3 91.Kd2 Kd8 92.d6 Kd7 
93.Ne7 Kxd6 94.Nf5+ Ke5 95.Kd3 Nf2+ 96.Ke3 Nxe4 97.Nh6 f2 98.Ng4+ Kf5 99.
Nh2 g4 100.Nf1 g3 101.Kf3 Kg5 102.Kg2 f5 103.Kf3 f4 104.Kg2 Kg4 105.Kh1 
Ng5 106.Nd2 f3 0-1

[Event "34th Rilton Cup"]
[Site "Stockholm SWE"]
[Date "2005.01.03"]
[Round "7.48"]
[White "Aasberg, Anders"]
[Black "Hayes, Stuart"]
[Result "1-0"]
[WhiteElo "1954"]
[BlackElo "2048"]
[EventDate "2004.12.27"]
[PlyCount "65"]

1.e4 c6 2.d4 d5 3.e5 Bf5 4.g4 Be4 5.f3 Bg6 6.Ne2 e6 7.h4 h6 8.Nf4 Bh7 9.
Be3 Qb6 10.b3 c5 11.c3 Nc6 12.Kf2 Rc8 13.a4 cxd4 14.cxd4 a6 15.Nc3 Na5 16.
Rc1 Ba3 17.Ncxd5 Qd8 18.Rxc8 Qxc8 19.Nb6 Qc3 20.Nc4 Nxc4 21.Bxc4 Ne7 22.
Qd2 Qxd2+ 23.Bxd2 Bb2 24.Be3 Nc6 25.Rd1 O-O 26.g5 hxg5 27.hxg5 Bf5 28.g6 
Rd8 29.gxf7+ Kxf7 30.d5 Bxe5 31.Nxe6 Rd6 32.Ng5+ Ke8 33.f4 1-0

[Event "34th Rilton Cup"]
[Site "Stockholm SWE"]
[Date "2005.01.03"]
[Round "7.50"]
[White "Wilsbeck, Jan Boerge"]
[Black "Duenas, Alexis"]
[Result "1-0"]
[WhiteElo "1947"]
[BlackElo "1987"]
[EventDate "2004.12.27"]
[PlyCount "65"]

1.e4 c5 2.Nf3 Nc6 3.d4 cxd4 4.Nxd4 Nf6 5.Nc3 e5 6.Ndb5 d6 7.Nd5 Nxd5 8.
exd5 Nb8 9.c4 Be7 10.Be3 a6 11.Nc3 O-O 12.Be2 f5 13.f3 f4 14.Bf2 Rf6 15.b4
Rh6 16.Qd2 Bh4 17.Bd3 b6 18.Bxh4 Qxh4+ 19.Qf2 Qxf2+ 20.Kxf2 Nd7 21.Ne4 Bb7
22.h3 Rc8 23.Rac1 Rd8 24.Rhd1 Nf6 25.Nc3 Rc8 26.Na4 Nd7 27.Bf5 Rc7 28.Bxd7
Rxd7 29.Nxb6 Rd8 30.c5 dxc5 31.bxc5 Bc8 32.Nxc8 Rxc8 33.d6 1-0

[Event "34th Rilton Cup"]
[Site "Stockholm SWE"]
[Date "2005.01.04"]
[Round "8.1"]
[White "Khenkin, Igor"]
[Black "Volkov, Sergei"]
[Result "0-1"]
[WhiteElo "2587"]
[BlackElo "2628"]
[EventDate "2004.12.27"]
[PlyCount "82"]

1.d4 d5 2.c4 c6 3.Nf3 Nf6 4.Nc3 a6 5.a4 e6 6.Bg5 Nbd7 7.Qc2 Qa5 8.cxd5 
cxd5 9.Nd2 h6 10.Bh4 g5 11.Bg3 Nh5 12.e3 Nxg3 13.hxg3 Nf6 14.Bd3 Bd7 15.
O-O Rc8 16.e4 dxe4 17.Ndxe4 Be7 18.Qe2 Kf8 19.Nxf6 Bxf6 20.Qf3 Kg7 21.Qxb7
Bc6 22.Qxa6 Qb4 23.Be4 Bxe4 24.Nxe4 Bxd4 25.Qe2 Qxb2 26.Qxb2 Bxb2 27.Ra2 
Bd4 28.Nd6 Rc6 29.Nb5 Bf6 30.Rd1 h5 31.Kf1 Rb8 32.Rd7 Be5 33.Ke2 Kg6 34.
Ra7 g4 35.Rd2 Rbc8 36.a5 Rb8 37.Nd4 Rc4 38.Nc2 Bc3 39.Ne3 Ra4 40.Rdd7 Rb2+
41.Kf1 Bd4 0-1

[Event "34th Rilton Cup"]
[Site "Stockholm SWE"]
[Date "2005.01.04"]
[Round "8.2"]
[White "Cramling, Pia"]
[Black "Ivanov, Sergei"]
[Result "1/2-1/2"]
[WhiteElo "2477"]
[BlackElo "2553"]
[EventDate "2004.12.27"]
[PlyCount "96"]

1.d4 Nf6 2.Nf3 e6 3.c4 b6 4.g3 Ba6 5.Qa4 c5 6.Bg2 Bb7 7.O-O cxd4 8.Nxd4 
Qc8 9.Rd1 a6 10.Nc3 Bxg2 11.Kxg2 Qb7+ 12.f3 Be7 13.Bg5 O-O 14.Ne4 Nxe4 15.
Bxe7 Re8 16.Bb4 Nc5 17.Bxc5 bxc5 18.Nb3 Qc7 19.Qa5 Qe5 20.Rd2 Rc8 21.Rc1 
h6 22.Rc3 d6 23.Rc1 Nc6 24.Qc3 Qxc3 25.Rxc3 Rd8 26.Rcd3 d5 27.Rc3 Ne5 28.
cxd5 c4 29.Nd4 Rxd5 30.f4 Rad8 31.e3 Ng4 32.Kf3 e5 33.Kxg4 exd4 34.exd4 
Rxd4 35.Rdc2 Rb8 36.Kf3 f5 37.Ra3 Rb6 38.Ra5 Rd3+ 39.Kf2 Rbd6 40.Rxf5 Rd2+
41.Rxd2 Rxd2+ 42.Ke3 Rxb2 43.Ra5 Rxh2 44.Rxa6 c3 45.a4 Rg2 46.Kf3 Ra2 47.
Rc6 c2 48.a5 Rxa5 1/2-1/2

[Event "34th Rilton Cup"]
[Site "Stockholm SWE"]
[Date "2005.01.04"]
[Round "8.3"]
[White "Bellon Lopez, Juan Manuel"]
[Black "Gleizerov, Evgeny"]
[Result "0-1"]
[WhiteElo "2425"]
[BlackElo "2539"]
[EventDate "2004.12.27"]
[PlyCount "75"]

1.d4 e6 2.e4 d5 3.Nc3 Nf6 4.Bg5 Be7 5.e5 Nfd7 6.h4 O-O 7.Bd3 c5 8.Qh5 g6 
9.Qh6 Nc6 10.f4 Nxd4 11.O-O-O f5 12.Nf3 Nxf3 13.gxf3 Bxg5 14.hxg5 Qe7 15.
Nb5 Rf7 16.Nd6 Rg7 17.Bb5 a6 18.Bxd7 Bxd7 19.Nxb7 Bb5 20.Nd6 Be2 21.Rd2 
Bxf3 22.Rh3 Bh5 23.Rb3 Qa7 24.c4 dxc4 25.Nxc4 Rd7 26.Rd6 Rxd6 27.exd6 Rd8 
28.Re3 Qb7 29.b3 Qd5 30.Re5 Qd4 31.Rxe6 Qa1+ 32.Kd2 Qxa2+ 33.Ke1 Qa1+ 34.
Kf2 Qd4+ 35.Re3 Re8 36.d7 Rxe3 37.Nxe3 Qd2+ 38.Kf1 0-1

[Event "34th Rilton Cup"]
[Site "Stockholm SWE"]
[Date "2005.01.04"]
[Round "8.4"]
[White "Berg, Emanuel"]
[Black "Aagaard, Jacob"]
[Result "1/2-1/2"]
[WhiteElo "2529"]
[BlackElo "2431"]
[EventDate "2004.12.27"]
[PlyCount "51"]

1.e4 c5 2.Nf3 d6 3.d4 cxd4 4.Nxd4 Nf6 5.Nc3 a6 6.Bg5 e6 7.f4 Nbd7 8.Qf3 
Qc7 9.O-O-O b5 10.e5 Bb7 11.Qh3 dxe5 12.Nxe6 fxe6 13.Qxe6+ Be7 14.Bxb5 
axb5 15.Nxb5 Qc6 16.Nd6+ Kd8 17.Nxb7+ Qxb7 18.Bxf6 Bxf6 19.Rxd7+ Qxd7 20.
Rd1 Qxd1+ 21.Kxd1 exf4 22.c4 Kc7 23.Qf7+ Kb6 24.Qe6+ Kc7 25.Qf7+ Kb6 26.
Qe6+ 1/2-1/2

[Event "34th Rilton Cup"]
[Site "Stockholm SWE"]
[Date "2005.01.04"]
[Round "8.7"]
[White "Handke, Florian"]
[Black "Furhoff, Johan"]
[Result "0-1"]
[WhiteElo "2467"]
[BlackElo "2338"]
[EventDate "2004.12.27"]
[PlyCount "60"]

1.d4 Nc6 2.Bg5 f6 3.Bh4 e5 4.dxe5 Nxe5 5.e4 Bc5 6.f4 Ng6 7.Qh5 Qe7 8.Bd3 
Nh6 9.Nc3 c6 10.Bxf6 Qxf6 11.Qxc5 Nxf4 12.O-O-O d6 13.Qa3 Ng4 14.e5 Qh6 
15.Kb1 O-O 16.Nh3 Nxh3 17.gxh3 Nxe5 18.Be4 d5 19.Bd3 Bxh3 20.Rhg1 Bg4 21.
Rc1 Rf2 22.h3 Nxd3 23.cxd3 Qxh3 24.Na4 Re8 25.Ka1 h5 26.Qd6 Qxd3 27.Qc5 
Qe3 28.Qb4 Re4 29.Qa5 Qd2 30.Qxa7 Rxa4 0-1

[Event "34th Rilton Cup"]
[Site "Stockholm SWE"]
[Date "2005.01.04"]
[Round "8.8"]
[White "Backelin, Rikard"]
[Black "Ulybin, Mikhail"]
[Result "0-1"]
[WhiteElo "2304"]
[BlackElo "2556"]
[EventDate "2004.12.27"]
[PlyCount "110"]

1.e4 c5 2.Nf3 d6 3.c3 Nf6 4.h3 g6 5.Bd3 Bg7 6.Bc2 Nc6 7.O-O O-O 8.d4 d5 9.
exd5 Qxd5 10.dxc5 Qxc5 11.Nbd2 Rd8 12.Qe2 Be6 13.Re1 Rac8 14.Nb3 Qc4 15.
Qxc4 Bxc4 16.Nbd4 Nxd4 17.Nxd4 Nd5 18.Ne2 e5 19.Bb3 b5 20.Bg5 f6 21.Bd2 
Nb4 22.Red1 Nd3 23.Rab1 Bf8 24.Be3 Bc5 25.Bxc5 Nxc5 26.Bxc4+ bxc4 27.Kf1 
Kf7 28.b3 cxb3 29.axb3 Nxb3 30.Ke1 Nc5 31.Ra1 Rxd1+ 32.Kxd1 a6 33.Kc2 Ke6 
34.Rb1 Rd8 35.f3 g5 36.Ng3 Rd6 37.Rb8 Nd3 38.Ne4 Ne1+ 39.Kb3 Rc6 40.Rf8 
Ke7 41.Rh8 Kf7 42.Rxh7+ Kg6 43.Rb7 Nxg2 44.c4 f5 45.Nd2 Nf4 46.Kb4 Rd6 47.
Nb3 Rd3 48.c5 Rxf3 49.c6 Rxh3 50.Nc5 Rh1 51.Nd7 e4 52.Kc5 Rc1+ 53.Kd6 Rd1+
54.Kc5 e3 55.Nf8+ Kh5 0-1

[Event "34th Rilton Cup"]
[Site "Stockholm SWE"]
[Date "2005.01.04"]
[Round "8.9"]
[White "Marttala, Thomas"]
[Black "Palo, Davor"]
[Result "1/2-1/2"]
[WhiteElo "2245"]
[BlackElo "2526"]
[EventDate "2004.12.27"]
[PlyCount "156"]

1.e4 c6 2.c4 d5 3.exd5 cxd5 4.cxd5 Nf6 5.Nc3 Nxd5 6.Nf3 Nxc3 7.bxc3 g6 8.
Bb5+ Bd7 9.a4 Bg7 10.O-O a6 11.Bc4 O-O 12.Ba3 b5 13.axb5 axb5 14.Be2 Na6 
15.d4 Nc7 16.Re1 Bc6 17.Bf1 Re8 18.Ne5 Bd5 19.Bb4 e6 20.Ba5 Qd6 21.Qd2 
Rec8 22.Qf4 Bxe5 23.dxe5 Qd7 24.h4 h5 25.Qg5 Ne8 26.Bb4 Ng7 27.Red1 Kh7 
28.Bd3 Rxa1 29.Rxa1 Bxg2 30.Qe3 Bb7 31.Ra7 Qd5 32.f3 Ra8 33.Rxa8 Bxa8 34.
Kf2 Qd8 35.Kg3 Bd5 36.Qf4 Kg8 37.Bd6 Qb6 38.Kg2 Qc6 39.Bb4 Qa8 40.Qe3 Bc4 
41.Be4 Qa1 42.Qf2 Qc1 43.Kh2 Bd5 44.Kg2 Qf4 45.Qg3 Qd2+ 46.Qf2 Qd1 47.Qc2 
Qe1 48.Qf2 Qc1 49.Qg3 Qd1 50.Qf4 Qe2+ 51.Kg1 Nf5 52.Bxf5 exf5 53.Qg3 Bxf3 
54.e6 Qe3+ 55.Qf2 Qc1+ 56.Kh2 Qf4+ 57.Qg3 Qd2+ 58.Kg1 Qd1+ 59.Kf2 Qe2+ 60.
Kg1 Qe3+ 61.Qf2 Qe4 62.exf7+ Kxf7 63.Qa7+ Qb7 64.Qc5 Qd7 65.Kf2 Bc6 66.Qd6
Qe8 67.Bc5 Qd7 68.Qxd7+ Bxd7 69.Be3 Ke6 70.Bg5 Kd5 71.Ke3 Kc4 72.Kd2 Bc6 
73.Bh6 Kd5 74.Ke3 Kc4 75.Kd2 Be4 76.Bg5 Bb1 77.Bh6 Kd5 78.Ke3 Kc4 1/2-1/2

[Event "34th Rilton Cup"]
[Site "Stockholm SWE"]
[Date "2005.01.04"]
[Round "8.10"]
[White "Lyrberg, Patrik"]
[Black "Lundvik, Jonas"]
[Result "1-0"]
[WhiteElo "2432"]
[BlackElo "2248"]
[EventDate "2004.12.27"]
[PlyCount "49"]

1.d4 Nf6 2.c4 e6 3.Nc3 d5 4.cxd5 exd5 5.Bg5 c6 6.e3 Be7 7.Qc2 Bg4 8.h3 Bh5
9.f4 Nbd7 10.g4 Bg6 11.f5 Nxg4 12.hxg4 Bxg5 13.fxg6 fxg6 14.Rxh7 Rxh7 15.
Qxg6+ Kf8 16.Qxh7 Qb6 17.O-O-O Bxe3+ 18.Kb1 Bxd4 19.Na4 Qb4 20.Qh8+ Kf7 
21.Qxa8 Qxa4 22.Re1 Nf6 23.Qxb7+ Kf8 24.Qe7+ Kg8 25.Bd3 1-0

[Event "34th Rilton Cup"]
[Site "Stockholm SWE"]
[Date "2005.01.04"]
[Round "8.11"]
[White "Paterek, Michal"]
[Black "Poley, Vladimir"]
[Result "1-0"]
[WhiteElo "2269"]
[BlackElo "2402"]
[EventDate "2004.12.27"]
[PlyCount "133"]

1.g3 d5 2.Bg2 Nc6 3.c4 e6 4.Nf3 g6 5.O-O Bg7 6.Nc3 Nge7 7.cxd5 exd5 8.d3 
d4 9.Ne4 h6 10.a3 a5 11.Qa4 O-O 12.b4 b5 13.Qxb5 axb4 14.Bb2 Ra5 15.Qc4 
Be6 16.Qc1 b3 17.Nc5 Bd5 18.Nb7 Qa8 19.Nxa5 Qxa5 20.Nd2 Rb8 21.Bxd5 Qxd5 
22.Qc4 Qe5 23.e3 Qa5 24.Qc1 Ne5 25.Nc4 Nf3+ 26.Kg2 Qf5 27.Qd1 Ng5 28.e4 
Qh3+ 29.Kg1 Ne6 30.f4 h5 31.a4 Nc6 32.a5 Nc5 33.Ba3 Na4 34.Qf3 Nc3 35.f5 
h4 36.a6 hxg3 37.hxg3 Ne5 38.Nxe5 Bxe5 39.a7 Ra8 40.fxg6 f6 41.Bb2 Na2 42.
Qg2 Qxg2+ 43.Kxg2 Rxa7 44.Rh1 Ra6 45.Kf3 Nb4 46.Rxa6 Nxa6 47.Ba3 Kg7 48.
Rb1 Nb8 49.Rxb3 Nd7 50.Rb5 Kxg6 51.Rd5 Nb6 52.Rd8 Na4 53.g4 Kf7 54.Bb4 Ke6
55.Re8+ Kf7 56.Re7+ Kg6 57.Rd7 Nb6 58.Rd8 Na4 59.Ke2 Kf7 60.Kd2 Ke6 61.Kc2
Nb6 62.Bc5 Na4 63.Bxd4 Ke7 64.Bxe5 Kxd8 65.Bxf6+ Kd7 66.Bd4 c5 67.Kb3 1-0

[Event "34th Rilton Cup"]
[Site "Stockholm SWE"]
[Date "2005.01.04"]
[Round "8.12"]
[White "Nygren, David"]
[Black "Carlsson, Pontus"]
[Result "0-1"]
[WhiteElo "2204"]
[BlackElo "2360"]
[EventDate "2004.12.27"]
[PlyCount "65"]

1.e4 c5 2.c3 d5 3.exd5 Qxd5 4.d4 g6 5.Nf3 Bg7 6.Na3 cxd4 7.Bc4 Qe4+ 8.Be3 
Nh6 9.Nb5 O-O 10.Bd3 Qc6 11.Nbxd4 Qc7 12.h3 e5 13.Nb5 Qe7 14.Bc4 Nf5 15.
Bg5 Qc5 16.Qd5 Qb6 17.g4 Be6 18.Qe4 Nd4 19.Bxe6 Nxe6 20.a4 Nxg5 21.Nxg5 a6
22.Na3 Qxb2 23.O-O Nd7 24.Qf3 Nc5 25.Nc4 Qc2 26.Qd5 Nd3 27.Nd6 Nf4 28.Qxb7
h6 29.Ngxf7 Qxc3 30.f3 Qd2 31.Nxh6+ Kh7 32.Ra2 Qxa2 33.Rf2 0-1

[Event "34th Rilton Cup"]
[Site "Stockholm SWE"]
[Date "2005.01.04"]
[Round "8.13"]
[White "Molander, Riku"]
[Black "Lindberg, Henrik"]
[Result "1/2-1/2"]
[WhiteElo "2328"]
[BlackElo "2218"]
[EventDate "2004.12.27"]
[PlyCount "109"]

1.e4 c5 2.Nf3 Nc6 3.d4 cxd4 4.Nxd4 g6 5.c4 Bg7 6.Nc2 Nf6 7.Nc3 O-O 8.Be2 
d6 9.O-O Nd7 10.Bd2 a5 11.Na3 Nc5 12.Nab5 Nd4 13.Nxd4 Bxd4 14.Bh6 Bg7 15.
Bxg7 Kxg7 16.Bg4 Bxg4 17.Qxg4 Nd7 18.Qe2 Nf6 19.Rfd1 Qc7 20.Nd5 Nxd5 21.
Rxd5 Rfc8 22.Rc1 Ra6 23.b3 a4 24.h4 axb3 25.axb3 Ra5 26.Rcd1 h5 27.R1d3 
Qb6 28.Re3 Qb4 29.Rxa5 Qxa5 30.e5 Qa1+ 31.Kh2 dxe5 32.Rxe5 e6 33.Rb5 Rc7 
34.Qe4 Qf6 35.Rxb7 Rxb7 36.Qxb7 Qf4+ 37.g3 Qxf2+ 38.Qg2 Qd4 39.Qc2 e5 40.
c5 e4 41.c6 e3 42.c7 Qd2+ 43.Qxd2 exd2 44.c8=Q d1=Q 45.Qc3+ Kf8 46.b4 Qd5 
47.Kg1 Ke7 48.Kf2 f6 49.Qc7+ Ke6 50.Qb6+ Qd6 51.Qe3+ Qe5 52.Qb3+ Qd5 53.
Qxd5+ Kxd5 54.Ke3 Kc4 55.Ke4 1/2-1/2

[Event "34th Rilton Cup"]
[Site "Stockholm SWE"]
[Date "2005.01.04"]
[Round "8.15"]
[White "Kosmo, Santul"]
[Black "Nyysti, Sampsa"]
[Result "1/2-1/2"]
[WhiteElo "2206"]
[BlackElo "2368"]
[EventDate "2004.12.27"]
[PlyCount "113"]

1.Nf3 d5 2.d4 Nf6 3.c4 dxc4 4.Nc3 a6 5.e4 b5 6.e5 Nd5 7.a4 Bb7 8.axb5 Nxc3
9.bxc3 axb5 10.Rxa8 Bxa8 11.e6 fxe6 12.Be2 g6 13.h4 Bg7 14.h5 Qd5 15.Bf4 
Nd7 16.Ng5 Qxg2 17.Rh2 Qg1+ 18.Bf1 Nc5 19.Nh3 Nd3+ 20.Kd2 Bh6 21.Nxg1 
Bxf4+ 22.Kc2 Bxh2 23.Bxd3 cxd3+ 24.Qxd3 Bxg1 25.Qxb5+ Kf7 26.Qe5 Rb8 27.h6
Rg8 28.Qf4+ Ke8 29.Qg3 Bxf2 30.Qxf2 g5 31.Qg3 g4 32.Kd2 Rg6 33.Ke3 Kd7 34.
c4 Bf3 35.Qe1 Rxh6 36.Qb1 Rh3 37.Kf4 Rh1 38.Qb5+ Bc6 39.Qe5 h5 40.d5 Rf1+ 
41.Kg3 exd5 42.cxd5 Rf3+ 43.Kg2 Ba4 44.Qxh5 Rf4 45.Qg5 Rd4 46.Qf5+ Kd8 47.
Qf8+ Be8 48.Qf5 c6 49.dxc6 Bxc6+ 50.Kg3 Ra4 51.Qc5 Kd7 52.Qf5+ Kd6 53.Qd3+
Kc7 54.Qe3 Re4 55.Qa7+ Kd6 56.Qb8+ Kd7 57.Qa7+ 1/2-1/2

[Event "34th Rilton Cup"]
[Site "Stockholm SWE"]
[Date "2005.01.04"]
[Round "8.16"]
[White "Peng, Zhaoqin"]
[Black "Doggers, Peter"]
[Result "1/2-1/2"]
[WhiteElo "2420"]
[BlackElo "2292"]
[EventDate "2004.12.27"]
[PlyCount "146"]

1.d4 Nf6 2.Nf3 g6 3.c4 Bg7 4.Nc3 O-O 5.e4 d6 6.h3 Na6 7.Be3 e5 8.d5 Nc5 9.
Nd2 a5 10.Be2 Ne8 11.g4 f5 12.gxf5 gxf5 13.Qc2 Nxe4 14.Ndxe4 fxe4 15.O-O-O
Bf5 16.Rdg1 Kh8 17.Bg4 Bg6 18.h4 h6 19.Be2 Bh7 20.Qd2 Qf6 21.Rg3 Rg8 22.
Qd1 Bf8 23.Qg1 Rxg3 24.fxg3 c6 25.Qg2 Nc7 26.g4 cxd5 27.cxd5 Qf7 28.Rf1 
Qg8 29.g5 Nxd5 30.Nxd5 Qxd5 31.g6 Rc8+ 32.Kb1 Bg8 33.b3 Bg7 34.Rd1 Qc6 35.
Rc1 Qe8 36.Qxe4 d5 37.Qf5 Be6 38.Qh5 Rxc1+ 39.Kxc1 Qf8 40.Kd1 Bg8 41.Bd2 
e4 42.Qg4 b6 43.Ba6 Qf2 44.Be2 Qd4 45.Ke1 Qe5 46.Bf4 Qf6 47.Bd2 Qe7 48.Bg5
Bc3+ 49.Bd2 Bxd2+ 50.Kxd2 Kg7 51.h5 d4 52.Ke1 d3 53.Bf1 a4 54.bxa4 Bxa2 
55.Qf4 Qb4+ 56.Kf2 Qf8 57.Qxf8+ Kxf8 58.Ke3 Bb3 59.Bg2 Bd5 60.Bh3 Kg7 61.
Bc8 Kf6 62.Bd7 Ke7 63.Bg4 Kf6 64.Bd7 Ke7 65.Bg4 Bb7 66.Bd1 Kf6 67.Bb3 Bc6 
68.Kf4 Bb7 69.Ke3 Bc8 70.Kf4 Bd7 71.Bd1 Bc6 72.Bb3 Bb7 73.Bd1 Bc6 1/2-1/2

[Event "34th Rilton Cup"]
[Site "Stockholm SWE"]
[Date "2005.01.04"]
[Round "8.17"]
[White "Backman, Michael"]
[Black "Kuemin, Simon"]
[Result "0-1"]
[WhiteElo "2106"]
[BlackElo "2392"]
[EventDate "2004.12.27"]
[PlyCount "72"]

1.Nf3 c5 2.b3 Nc6 3.Bb2 d6 4.e3 e5 5.d4 e4 6.d5 Nb8 7.Nfd2 Nf6 8.Na3 Be7 
9.f3 O-O 10.fxe4 Ng4 11.Qf3 f5 12.Bd3 fxe4 13.Qxe4 g6 14.O-O-O Nf2 15.Qc4 
Nxd1 16.Kxd1 Bf6 17.Bc1 Nd7 18.Nf3 Ne5 19.Nxe5 Bxe5 20.h4 a6 21.g4 Qf6 22.
Rf1 Qxh4 23.Rxf8+ Kxf8 24.Be2 Qh1+ 25.Kd2 b5 26.Qd3 b4 27.Nb1 Qg2 28.Qc4 
a5 29.Bb2 Ba6 30.Bxe5 Bxc4 31.Bxd6+ Kg8 32.bxc4 Qh1 33.Bxc5 Qxb1 34.d6 Qh1
35.Bd4 Rc8 36.c5 Qd5 0-1

[Event "34th Rilton Cup"]
[Site "Stockholm SWE"]
[Date "2005.01.04"]
[Round "8.18"]
[White "Nouro, Mikael"]
[Black "Henriksson, Jacob"]
[Result "1/2-1/2"]
[WhiteElo "2361"]
[BlackElo "2215"]
[EventDate "2004.12.27"]
[PlyCount "120"]

1.e4 c5 2.Nf3 d6 3.d4 Nf6 4.Nc3 cxd4 5.Nxd4 g6 6.Be3 Bg7 7.f3 Nc6 8.Bc4 
Bd7 9.Qe2 Rc8 10.O-O-O h5 11.Kb1 Na5 12.Bd3 a6 13.Nb3 b5 14.e5 dxe5 15.Nc5
Nc6 16.Nxa6 Nd4 17.Bxd4 exd4 18.Nxb5 Qb6 19.Nb4 O-O 20.a3 Rb8 21.c4 dxc3 
22.Nxc3 e6 23.Rhe1 Nd5 24.Ncxd5 exd5 25.Rc1 Qd4 26.Red1 Ba4 27.Bxg6 Qf6 
28.Bd3 Rxb4 29.axb4 Bxd1 30.Rxd1 Ra8 31.Rc1 Qd4 32.Bf5 Qxb4 33.Rc8+ Rxc8 
34.Bxc8 Bf6 35.g3 Qc5 36.Ba6 Qg1+ 37.Ka2 Qd4 38.Bd3 Kg7 39.f4 Qa7+ 40.Kb1 
Qd4 41.Bb5 h4 42.Ka2 hxg3 43.hxg3 Qa7+ 44.Kb3 Qg1 45.Qg4+ Kf8 46.Qf3 Qe1 
47.Ka2 Kg7 48.Qxd5 Qxg3 49.Be8 Qxf4 50.Qxf7+ Kh8 51.Qh5+ Kg7 52.Qf7+ Kh8 
53.Bb5 Qd6 54.Bc4 Qd8 55.Qh5+ Kg7 56.Qf7+ Kh6 57.b4 Qd4 58.Qf8+ Kg5 59.
Qg8+ Kf4 60.Qb8+ Be5 1/2-1/2